|
|
|
|
| LEADER |
00000nam a2200000 a 4500 |
| 001 |
UCN2902 |
| 003 |
CL-VaPUC |
| 008 |
010615e20000000CK |||||||||||||||||spa|d |
| 082 |
0 |
4 |
|a 153
|b REY
|2 21
|
| 100 |
0 |
|
|a Reyes-Navia, Rosa Mercedes
|e author
|9 459166
|
| 700 |
0 |
|
|a Lozano Forero, María Constanza
|e author
|9 459167
|
| 700 |
0 |
|
|a Pacheco Malaver, Mónica Alexandra
|e author
|9 459168
|
| 245 |
1 |
0 |
|a Jugar, dibujar, leer ¿los diferencian los niños?
|
| 300 |
|
|
|a 181 p
|
| 942 |
|
|
|c BK
|
| 945 |
|
|
|d 20010615 00:00:00
|a cmena
|
| 260 |
|
|
|a Bogotá
|b CIUP
|c 2000
|
| 650 |
|
0 |
|a Procesos mentales superiores
|9 330839
|
| 650 |
|
0 |
|a Simbolismo
|9 267046
|
| 650 |
|
0 |
|a Niños
|9 255605
|
| 650 |
|
0 |
|a Desarrollo individual
|9 307875
|
| 650 |
|
0 |
|a Cognición
|9 270347
|
| 650 |
|
0 |
|a Razonamiento
|9 256520
|
| 650 |
|
0 |
|a Mente
|9 330838
|
| 650 |
|
0 |
|a Teoría del conocimiento
|9 255038
|
| 650 |
|
0 |
|a Juegos infantiles
|9 307365
|
| 583 |
|
|
|a last modification
|c 20010615 00:00:00
|k Rodrigo Vera
|
| 999 |
|
|
|c 295921
|d 295919
|
| 952 |
|
|
|0 0
|1 0
|4 0
|6 153_000000000000000_REY_2000
|7 0
|8 A
|9 349364
|a BIBEDU
|b BIBEDU
|d 2019-11-20
|i 373143K
|o 153 REY 2000
|p 373143K
|r 2019-11-20
|w 2019-11-20
|y BK
|k EDU
|